Statistics for Diplomatic Missions of Brunei

Click here to take the quiz!

General Stats

  • This quiz has been taken 26 times
  • The average score is 68 of 79

Answer Stats

MissionAnswer% Correct
CountryBangladesh
100%
CountryCambodia
100%
CountryChina
100%
CountryFrance
100%
CountryIndia
100%
CountryIndonesia
100%
CountryLaos
100%
CountryMalaysia
100%
CountryRussia
100%
CountrySouth Korea
100%
CountryThailand
100%
CountryTurkey
100%
CountryUnited Kingdom
100%
CountryUnited States
100%
CountryVietnam
100%
CountryAustralia
95%
CountryCanada
95%
CountryEgypt
95%
CountryGermany
95%
CountryIran
95%
CountryJapan
95%
CountryKuwait
95%
EmbassyKuwait City
95%
CountryPakistan
95%
CountryPhilippines
95%
CountrySaudi Arabia
95%
CountrySingapore
95%
High CommissionSingapore
95%
CountryUnited Arab Emirates
95%
EmbassyAnkara
89%
EmbassyBangkok
89%
EmbassyBeijing
89%
High CommissionDhaka
89%
Permanent MissionGeneva
89%
EmbassyHanoi
89%
Permanent MissionJakarta
89%
EmbassyJakarta
89%
High CommissionLondon
89%
EmbassyMoscow
89%
CountryMyanmar
89%
High CommissionNew Delhi
89%
CountryOman
89%
EmbassyParis
89%
EmbassyPhnom Penh
89%
CountryQatar
89%
EmbassySeoul
89%
CountryTaiwan
89%
EmbassyTokyo
89%
EmbassyAbu Dhabi
84%
EmbassyBerlin
84%
EmbassyCairo
84%
High CommissionCanberra
84%
CountryEast Timor
84%
High CommissionIslamabad
84%
EmbassyManila
84%
Permanent MissionNew York City
84%
High CommissionOttawa
84%
EmbassyRiyadh
84%
Trade and Tourism OfficeTaipei
84%
EmbassyTehran
84%
EmbassyVientiane
84%
EmbassyWashington D.C.
84%
EmbassyYangon
84%
CountryBahrain
79%
CountryBelgium
79%
EmbassyDili
79%
EmbassyDoha
79%
Consulate GeneralHong Kong
79%
EmbassyMuscat
79%
CountryJordan
74%
EmbassyAmman
68%
EmbassyBrussels
68%
Consulate GeneralJeddah
68%
EmbassyManama
68%
CountryMorocco
58%
EmbassyRabat
53%
Consulate GeneralKota Kinabalu
32%
Consulate GeneralKuching
32%
High CommissionPutrajaya
32%

Score Distribution

Percentile by Number Answered

Percent of People with Each Score

Your Score History

You have not taken this quiz